| 000 | 00463nam a22001697a 4500 | ||
|---|---|---|---|
| 999 |
_c6349 _d6349 |
||
| 003 | GBCCL | ||
| 005 | 20241126110601.0 | ||
| 008 | 180510b ||||| |||| 00| 0 eng d | ||
| 040 | _cgbc | ||
| 082 |
_aVER 220.07 _bCHI |
||
| 100 |
_aChinsuanthang, Hs. _97443 |
||
| 245 |
_aBible a thutak kiselte / _cHs. Chinsuanthang |
||
| 260 |
_aBungmual: _bHs. Thawngthon, _c2005 |
||
| 300 |
_a250 p.; _c21 cm. |
||
| 650 |
_aBible _xStudy and teaching _910863 |
||
| 942 |
_2ddc _cBK _04 |
||